000 00204nam a2200097Ia 4500
008 170619s9999 xx 000 0 und d
100 _aGANESH- K N
245 0 _aCHEMISTRY
260 _bN C E R T
260 _c2000
546 _aENGLISH
999 _c18536
_d18536